Djimon Hounsou Filmography - Statistics

General Stats
  • This quiz has been taken 158 times
    70 since last reset
  • The average score is 59 of 79
Answer Stats
Type Year Name % Correct
Film 2006 Blood Diamond
90%
Film 2014 Guardians of the Galaxy
90%
Film 2019 Shazam!
90%
Film 2023 Shazam! Fury of the Gods
90%
Film 2005 Constantine
87%
Film 2000 Gladiator
87%
Film 2014 How to Train Your Dragon 2
87%
Film 2023 Rebel Moon - Part One: A Child of Fire
87%
Film 2024 Rebel Moon - Part Two: The Scargiver
87%
Film 1997 Amistad
84%
Film 2021 A Quiet Place Part II
84%
Film 2013 Baggage Claim
84%
Film 2003 Biker Boyz
84%
Film 2004 Blueberry
84%
Film 1998 Deep Rising
84%
Film 2011 Elephant White
84%
Music Video 1990 Hold On
84%
Film 2002 In America
84%
Film 1993 Killing Zoe
84%
Film 2017 King Arthur: Legend of the Sword
84%
Film 2002 Le Boulet
84%
Film 2023 Ozi - Voice of the Forest
84%
Film 2017 Same Kind of Different as Me
84%
Film 2011 Special Forces
84%
Film 2016 The Legend of Tarzan
84%
Film 2015 The Vatican Tapes
84%
Film 1992 Unlawful Entry
84%
Film 1990 Without You I'm Nothing
84%
Film 2024 A Quiet Place: Day One
81%
TV Show 1990 Beverly Hills, 90210
81%
TV Mini-Series 2010 Black Panther
81%
Film 2019 Captain Marvel
81%
TV Show 1999 ER
81%
Film 2006 Eragon
81%
Film 1997 Ill Gotten Gains
81%
Music Video 1990 Love Will Never Do (Without You)
81%
Film 2022 Paws of Fury: The Legend of Hank
81%
Film 2009 Push
81%
Film 2014 Seventh Son
81%
TV Show 2001 Soul Food
81%
Film 1994 Stargate
81%
Film 2002 The Four Feathers
81%
Film 2005 The Island
81%
Film 2021 The King's Man
81%
Film 2000 The Middle Passage
81%
Film 1997 The Small Hours
81%
Web Series 2021 What If...?
81%
Commercial 2010 2010 FIFA World Cup
77%
TV Show 2003, 2004 Alias
77%
Web Series 2018 Dragons: Race to the Edge
77%
Documentary 2018 In Search of Voodoo: Roots to Heaven
77%
Film TBA The Bleeding Ground
77%
TV Show 2016 Wayward Pines
77%
Film 2015 Air
74%
Film 2005 Beauty Shop
74%
Film 2022 Black Adam
74%
Short Documentary 2021 Kimana Tuskers
74%
Film 2008 Never Back Down
74%
Film 2026 Shiver
74%
TV Show 2000 The Wild Thornberrys
74%
Short Film 2007 Vanity Fair: Killers Kill, Dead Men Die
74%
Film 2019 Charlie's Angels
71%
Film 2015 Furious 7
71%
Film 2023 Gran Turismo
71%
Film 2019 Serenity
71%
Commercial 2002 GAP Jeans
65%
Film TBA One Last Fight
65%
Short Film 2002 Heroes
61%
Film 2003 Lara Croft Tomb Raider: The Cradle of Life
61%
Film TBA The Monster
61%
Short Film 2001 The Tag
58%
Film 2017 Blazing Samurai
55%
Film TBA The Zealot
55%
Music Video 1989 I Don't Wanna Lose You
52%
Film 2010 The Tempest
39%
Web Series 2021 Invincible
13%
Video Game 2020 NBA 2K21
6%
Web Series 2019 The Longest Day in Chang'an
6%
Music Video 1989 I'll Be Good to You
3%
No matching quizzes found
Score Distribution
Percent of People with Each Score
Percentile by Number Answered
Your Score History
You have not taken this quiz since the last reset